BIBLIOTECA PODER JUDICIAL
Portal Judicial TDF

Desobediencia a la autoridad (art. 239, Cód. Penal) / (Registro nro. 5530)

000 -LEADER
fixed length control field 01412nab a22002657a 4500
003 - CONTROL NUMBER IDENTIFIER
control field OSt
005 - DATE AND TIME OF LATEST TRANSACTION
control field 20251215122627.0
008 - FIXED-LENGTH DATA ELEMENTS--GENERAL INFORMATION
fixed length control field 190502c xxu||||| |||| 00| 0 spa d
040 ## - CATALOGING SOURCE
Transcribing agency PJ
100 ## - MAIN ENTRY--PERSONAL NAME
9 (RLIN) 6439
Personal name Carús, Juan
245 10 - TITLE STATEMENT
Title Desobediencia a la autoridad (art. 239, Cód. Penal) /
Statement of responsibility, etc Juan Carús.
260 ## - PUBLICATION, DISTRIBUTION, ETC. (IMPRINT)
Place of publication, distribution, etc Ciudad Autónoma de Buenos Aires :
Name of publisher, distributor, etc Thomson Reuters La Ley,
Date of publication, distribution, etc 2025.
300 ## - PHYSICAL DESCRIPTION
Extent p. 35-66
500 ## - GENERAL NOTE
General note Cita Online: AR/DOC/2645/2025.
505 ## - FORMATTED CONTENTS NOTE
Formatted contents note Sumario: I. Bien jurídico tutelado y principio de insignificancia.— II. Tipicidad. — III. Antijuridicidad, el consentimiento justificante y el derecho de disposición. — IV. Error de prohibición.— V. Reparación del daño.— VI. Concursos.— VII. Derecho de defensa en juicio y principio de congruencia.— VIII. Cuestiones de competencia.
505 ## - FORMATTED CONTENTS NOTE
Formatted contents note Fallo comentado: CNCasCrim. y Correc., sala I ~ 14/03/2023 ~ S.,S. y otros c. V., E. D. y otro s/ homicidio simple y lesiones gravísimas.
505 ## - FORMATTED CONTENTS NOTE
Title ¿Te interesa el texto completo? Solicitalo al correo: koha@justierradelfuego.gov.ar
650 #0 - SUBJECT ADDED ENTRY--TOPICAL TERM
9 (RLIN) 343
Topical term or geographic name as entry element DERECHO PENAL
650 #0 - SUBJECT ADDED ENTRY--TOPICAL TERM
Topical term or geographic name as entry element CONCURSO DE DELITOS
9 (RLIN) 2681
650 #0 - SUBJECT ADDED ENTRY--TOPICAL TERM
Topical term or geographic name as entry element DEFENSA EN JUICIO
9 (RLIN) 586
650 #0 - SUBJECT ADDED ENTRY--TOPICAL TERM
Topical term or geographic name as entry element DELITOS
9 (RLIN) 3136
650 #0 - SUBJECT ADDED ENTRY--TOPICAL TERM
Topical term or geographic name as entry element ANTIJURICIDAD
773 0# - HOST ITEM ENTRY
Host Biblionumber 2729
Host Itemnumber 3180
Place, publisher, and date of publication Buenos Aires : LexisNexis, 2006-
Title Revista de derecho penal y procesal penal. Nº 12 - Diciembre 2025
International Standard Book Number 9875920622
942 ## - ADDED ENTRY ELEMENTS (KOHA)
Source of classification or shelving scheme
Koha item type Analítica Artículo de Revista

No hay ítems disponibles.

12 de Octubre 789 Ushuaia - Tel:  54(02901)441571
Horario de Atención: 8.00 a 17.00 hs. 
bibliotecaush@justierradelfuego.gov.ar
koha@justierradelfuego.gov.ar
Seguinos en nuestras redes @bibliojustdf 

Con tecnología Koha